Nigerian Conveyancing Practice,Drafting and Precedents. (Record no. 41837)

MARC details
000 -LEADER
fixed length control field 00428nam a2200181Ia 4500
020 ## - INTERNATIONAL STANDARD BOOK NUMBER
ISBN 9781293063
050 ## - CALL MARK
Classification number KP 69 .O5/
100 ## - STATEMENT OF RESPONSIBILITY--MAIN AUTHOR NAME
Personal name Olueyede, P. A.
245 #0 - TITLE STATEMENT
Title Nigerian Conveyancing Practice,Drafting and Precedents.
260 ## - PUBLICATION, DISTRIBUTION, ETC. (IMPRINT)
Place of publication Ibadan
260 ## - PUBLICATION, DISTRIBUTION, ETC. (IMPRINT)
Name of publisher Heinmann
260 ## - PUBLICATION, DISTRIBUTION, ETC. (IMPRINT)
Year of publication 2006
300 ## - PHYSICAL DESCRIPTION
Number of Pages 601 p
650 ## - SUBJECT ADDED ENTRY--TOPICAL TERM
Topical Term Ibadan
942 ## - ADDED ENTRY ELEMENTS (KOHA)
Koha item type Books
Holdings
Withdrawn status Lost status Source of classification or shelving scheme Damaged status Not for loan Permanent Location Current Location Shelving location Date acquired Accession Number Price effective from Koha item type
    Library of Congress Classification     Law Library Law Library Items on shelf 06/03/2025 0191013 06/03/2025 Books
    Library of Congress Classification     Law Library Law Library Items on shelf 06/03/2025 0191014 06/03/2025 Books